000 00823nam a2200313 4500
001 46573
003 DO-SdBNP
005 20180219145939.0
007 46573
008 030421 2001 sp a | ||spa
016 7 _a
_2BPMSU
017 _a
_b
020 _a8434808633
035 _a
040 _aBPMSU
_bspa
_cBPMSU
_e
080 0 _a
100 2 _aMuñoz Martín, Juan
245 1 0 _aFray Perico y su borrico /
_cJuan Muñoz Martín
_h
250 _a39ª ed.
260 _aMadrid :
_bSM,
_c2001.
300 _a124 p. ;
_bil.:
_c20 cm.
490 0 _aEl barco de vapor.
_v3
521 _aA partir de 9 años.
586 _aPremio El barco de vapor, 1979
830 _aEl barco de vapor.
_v3
_gNaranja
942 _2ddc
_cBK
945 _aInventariado, 2018/ YL
956 _aVMATEO
_210
_320151130
_6BPSMU
_800151
999 _c8953
_d8953